00545nam a2200157 a 450000500170000000800410001702000150005804000270007304100080010008200170010824501080012526000680023330000460030170000210034770000190036820160223105805.0160223b2005 xxua gra 00| 0 spa d a9801108746 aCO-BoIAVH cCO-BoIAVH  aspa04a363.61bD58d1 aDinámica hídrica en sistemas neotropicalesbinvestigaciones en dinámica hídrica de la red ricas aMeridabICAEbUniversidad de Los Andes, Merida. Venezuelac2005 a48 paginas.bilustraciones. ;c26 x 19 cm aAtaroff, Michele aSilva, Juan F.